Ineditti della giurisprudenza medievale
Gardado en:
| Autor Principal: | |
|---|---|
| Formato: | Libro |
| Idioma: | alemán |
| Publicado: |
Frankfurt am Main
Vittorio Klostermann
2011
|
| Series: | Studien zur europaischen Rechtsgeschichte. 261
|
| Subjects: | |
| Tags: |
Engadir etiqueta
Sen Etiquetas, Sexa o primeiro en etiquetar este rexistro!
|
MARC
| LEADER | 00000cam a2200000 a 4500 | ||
|---|---|---|---|
| 001 | UCF6401 | ||
| 003 | CL-VaPUC | ||
| 008 | 130425e20110000GW |||||||||||||||||ger|d | ||
| 020 | |a 9783465041245 | ||
| 082 | 0 | 4 | |a 340.55 |b BEL |2 21 |
| 100 | 0 | |a Bellomo, Manlio |e author |9 568393 | |
| 245 | 1 | 0 | |a Ineditti della giurisprudenza medievale |
| 300 | |a 425 p | ||
| 942 | |c BK | ||
| 945 | |d 20130425 00:00:00 |a dcastane | ||
| 260 | |a Frankfurt am Main |b Vittorio Klostermann |c 2011 | ||
| 650 | 0 | |a Derecho medieval |9 314261 | |
| 650 | 0 | |a Jurisprudencia |9 255952 | |
| 650 | 7 | |a HISTORIA DEL DERECHO ALEMAN |2 CL-VaPUC |9 400954 | |
| 650 | 7 | |a HISTORIA DEL DERECHO INDIANO |2 CL-VaPUC |9 486567 | |
| 650 | 0 | |a Historia del derecho |9 255109 | |
| 650 | 7 | |a SOCIEDAD MEDIEVAL |2 CL-VaPUC |9 403584 | |
| 583 | |a last modification |c 20130425 11:23:00 |k Rodrigo Vera | ||
| 490 | 0 | |a Studien zur europaischen Rechtsgeschichte. 261 | |
| 999 | |c 351617 |d 351615 | ||
| 952 | |0 0 |1 0 |4 0 |6 340_550000000000000_BEL_2011 |7 0 |8 DER_HIS |9 455810 |a BIBDER |b BIBDER |d 2019-11-22 |i 4966333 |l 2 |m 2 |o 340.55 BEL 2011 |p 4966333 |q 2025-12-31 |r 2023-11-23 |s 2023-11-23 |w 2019-11-22 |x Ubicación 4to Piso |y BK |z Estos recursos deben solicitarse con anticipación |k DER | ||